| 000 | 00466nam a2200169Ia 4500 | ||
|---|---|---|---|
| 003 | GCL | ||
| 008 | 140319s9999 xx 000 0 eng d | ||
| 040 |
_aGCL / _cGCL |
||
| 082 | 0 | 4 |
_a330.962 _bG M |
| 100 | 1 | _aGUPTA, SURAG B. | |
| 245 | 1 | 0 |
_aMONETARY ECONOMICS: INSTITUTIONS THEORY AND POLICY / _cGUPTA, SURAG B. |
| 260 |
_a[S.N] : _bCHAND AND COMPAY ، _c1995 |
||
| 300 | _a491 P | ||
| 650 | 0 | 4 | _aMONETARY ECONOMICS |
| 650 | 0 | 4 | _aECONOMIC POLICY |
| 942 |
_2ddc _cBK |
||
| 999 |
_c10590 _d10590 |
||